00000000nam##2200000za#4500
0019.667452
003CaOODSP
00520210615123532
007ta
008150407|2006||||xxc|||||     f|0| 0 fre|d
020 |a0-662-49084-3
040 |aCaOODSP|bfre
041 |aeng
041 |afre
043 |an-cn---
0861 |aCH24-14/2006
1101 |aCanada.|bPatrimoine canadien. |bSport Canada.
24513|aLa politique sur le sport pour les personnes ayant un handicap
260 |bPatrimoine canadien. |cJuin 2006.
300 |aTexte français, 18p. : |bfigure, glossaire, références ; |c28 cm.
5203 |aCette politique cadre explique comment divers partenaires et intervenants du milieu du sport et de l’activité physique au Canada peuvent réduire, voire éliminer, les obstacles auxquels se heurtent les personne ayant un handicap en matière sportive. Elle renferme un énoncé de vision, des objectifs et des stratégies ainsi qu’une explication des obstacles de nature environnementale, structurelle, systémique, sociale et personnelle qui empêchent ces personnes de participer pleinement à la société canadienne. Comprend un glossaire.
563 |aCouverture souple
590 |a07-08|b2007-02-23
69107|aPersonne handicapée|2gcpds
69107|aSport|2gcpds
7760#|tLa politique sur le sport pour les personnes ayant un handicap |w(CaOODSP)9.632669
7760#|tPolicy on sport for persons with a disability |w(CaOODSP)9.688237
791 |tPolicy on sport for persons with a disability |eeng|w(CaOODSP)9.667451